Minecraft Light Source Blocks - Sudden Death - Statistics

General Stats
  • This quiz has been taken 504 times
  • The average score is 7 of 19
Answers on the Grid
Answers color-coded by a green-red scale on the quiz's grid according to % correct below.
Allay Attraction Block
Amethyst Cluster
Beacon
Bog Waterlight
Crying Obsidian
Cut Honeycomb Candle
Dragon Egg
Dungeon Dim Lit Torch
End Rod
End Stone
Ender Chest
Fog Guidelight
Froglight
Glow Lichen
Glow Squid Egg Cluster
Glowstone
Gold Block
Iron Ore
Jack-o-Lantern
Lantern
Lava Cauldron
Magma Block
Mycelium
Nylium
Redstone Button
Redstone Clock Block
Redstone Ore
Sculk Catalyst
Sea Algae
Sea Lantern
Sea Pickle
Shroomlight
Soul Campfire
Stonecutter
Target Block
Torch
 
Answer Stats
Answer % Correct
Beacon
80%
End Rod
64%
Crying Obsidian
55%
Glowstone
42%
Froglight
41%
Soul Campfire
41%
Torch
41%
Amethyst Cluster
40%
Sea Lantern
39%
Jack-o-Lantern
38%
Lantern
38%
Lava Cauldron
37%
Magma Block
34%
Redstone Ore
31%
Shroomlight
31%
Dragon Egg
29%
Glow Lichen
28%
Sea Pickle
28%
Sculk Catalyst
11%
No matching quizzes found
Score Distribution
Percent of People with Each Score
Percentile by Number Answered
Your Score History
You have not taken this quiz